| 000 | 00517cam a2200205ua 4500 | ||
|---|---|---|---|
| 020 | _c20.00 | ||
| 041 |
_aeng _h |
||
| 082 |
_a028.72636 _bSID/PR |
||
| 100 | _aSiddiqui, S M . | ||
| 245 |
_aPractical manual of poultry production / _cS M Siddiqui. _hTextual Documents |
||
| 250 |
_a1 / _b. |
||
| 260 |
_aAhmedabad : _bKothari book depot , _c1975. |
||
| 300 | _a155 ; . | ||
| 365 | _a20.00 | ||
| 504 | _a | ||
| 700 | 1 | _aMathur , C R . | |
| 700 | 1 | _aReddy, C V . | |
| 942 | _cBK | ||
| 999 |
_c6753 _d6753 |
||